000 00725nam a22002297a 4500
005 20250903102201.0
008 250903b |||||||| |||| 00| 0 eng d
020 _a978-935073-549-7 (hbk)
037 _cTB
040 _aCRL
_cCRL
041 _2URD
_aURD
245 _aArabi tanqeed ka safar
260 _aNew Delhi, India:
_bEducational publishing house,
_c2024.
300 _a236p.
365 _b380.00
_cINR
546 _aTranslated from Arabic to Urdu
650 _aArabic Literature
650 _aCriticism
700 _aAnjum, Shams Kamal
_eTranslator
_9819710
942 _2CC
_cTB
_hO28:g 168Q5
_n0
999 _c1435086
_d1435086